Histoire de l'asie anterieure de l'Inde et de la Crète
Saved in:
| 主要作者: | |
|---|---|
| 格式: | 圖書 |
| 語言: | 法语 |
| 出版: |
París
Payot
1947
|
| 叢編: | Bibliothèque Historique
|
| 主題: | |
| 標簽: |
添加標簽
沒有標簽, 成為第一個標記此記錄!
|
MARC
| LEADER | 00000nam a2200000 a 4500 | ||
|---|---|---|---|
| 001 | UCP8776 | ||
| 003 | CL-VaPUC | ||
| 008 | 000310e19470000FR |||||||||||||||||fre|d | ||
| 082 | 0 | 4 | |a 939.9 |b HRO |2 21 |
| 100 | 0 | |a Hrozny, Bedrich |e author |9 438988 | |
| 245 | 1 | 0 | |a Histoire de l'asie anterieure de l'Inde et de la Crète |
| 300 | |a 350 p | ||
| 942 | |c BK | ||
| 945 | |d 20000310 00:00:00 |a rherrera | ||
| 260 | |a París |b Payot |c 1947 | ||
| 650 | 0 | |a Historia antigua |9 267521 | |
| 650 | 0 | |a Civilizaciones antiguas |9 265998 | |
| 650 | 7 | |a CIVILIZACION HITITA |2 CL-VaPUC |9 438989 | |
| 650 | 7 | |a MESOPOTAMIA |2 CL-VaPUC |9 437558 | |
| 650 | 7 | |a SUMER |2 CL-VaPUC |9 438990 | |
| 650 | 7 | |a SEMITAS |2 CL-VaPUC |9 438991 | |
| 651 | 7 | |a ASIA MENOR |2 CL-VaPUC |9 400482 | |
| 651 | 7 | |a CAUCASO |2 CL-VaPUC |9 438968 | |
| 583 | |a last modification |c 20000310 00:00:00 |k Rodrigo Vera | ||
| 490 | 0 | |a Bibliothèque Historique | |
| 999 | |c 285662 |d 285660 | ||
| 952 | |0 0 |1 0 |4 0 |6 939_900000000000000_HRO_1947 |7 0 |8 X |9 330412 |a BIBHIS |b BIBHIS |d 2019-11-20 |i 1394347 |o 939.9 HRO 1947 |p 1394347 |r 2024-01-30 |w 2019-11-20 |y BK_X |k HIS | ||
| 952 | |0 0 |1 0 |4 0 |6 939_900000000000000_HRO_1947 |7 0 |8 X |9 330413 |a BIBHIS |b BIBHIS |d 2019-11-20 |i 1394355 |o 939.9 HRO 1947 |p 1394355 |r 2024-01-30 |w 2019-11-20 |y BK_X |k HIS | ||